00761cam a22002057a 4500003000500000005001700005008004100022010001000063011001000073035001000083040000900093100003100102245009000133260004100223300004400264502014700308650004600455650002900501650002500530CHAP20220329142155.0000127d1987 mx a r 00110 spa d a79569 a80541 a90992 cCHAP00aRamírez Romero, Antulio.10aManejo tradicional del maíz en el área purépechac/por Antulio Ramírez Romero aUruapán, Mich. :bEl autor,c1987. a135 h. :bilus. ; fotografías ; mapas aTesis (Ing. Agr. Esp. en Fitomejoramiento) -- Universidad Michoacana de San Nicolas de Hidalgo. Facultad de Agrobiología Presidente Juárez14aAgriculturaxInnovaciones tecnológicas.14aMaízxInvestigación.14aMaízxMichoacán.